[Event "World Corporate East A"]
[Site "Chess.com INT"]
[Date "2021.02.19"]
[Round "3.9"]
[White "Shrivastava, Savita"]
[Black "Sharma, Keshav"]
[Result "0-1"]
[WhiteElo "1169"]
[BlackElo "2034"]
[PlyCount "80"]
[EventDate "2021.02.19"]
[EventType "team (rapid)"]
[EventRounds "7"]
[EventCountry "USA"]
[SourceTitle "EXT 2022"]
[Source "ChessBase"]
[SourceDate "2021.10.06"]
[SourceVersion "1"]
[SourceVersionDate "2021.10.06"]
[SourceQuality "1"]
[WhiteTeam "Unicodez Softcorp"]
[BlackTeam "Deutsche Bank Pune"]
[WhiteTeamCountry "IND"]
[BlackTeamCountry "IND"]

1. e4 c5 2. Nf3 e6 3. Nc3 Nc6 4. d4 cxd4 5. Nxd4 a6 6. Bc4 Qc7 7. 0-0 b5 8. Be2 Bb7 9. f4 Nxd4 10. Be3 Nxe2+ 11. Qxe2 Nf6 12. e5 Nd5 13. Nxd5 Bxd5 14. Rad1 Bc5 15. b3 0-0 16. Bxc5 Qxc5+ 17. Kh1 Rac8 18. Rd2 g6 19. Qg4 Qc3 20. Rdf2 Be4 21. h4 Bf5 22. Qg5 f6 23. exf6 Qxf6 24. Qg3 Rxc2 25. Rxc2 Bxc2 26. h5 Qg7 27. hxg6 Qxg6 28. Qc3 Be4 29. Rf2 Qh5+ 30. Kg1 Qd1+ 31. Rf1 Qg4 32. Qd2 d5 33. Rf2 h5 34. Qe3 h4 35. Rd2 Rxf4 36. Qc3 Rf3 37. Qc8+ Rf8 38. Qxa6 h3 39. Qxb5 hxg2 40. Qb4 Rf1+ 0-1